000 00449nam a22001817a 4500
003 MPLRDC
005 20220104143419.0
008 210129b ||||| |||| 00| 0 eng d
082 _a856.6 ZHCB v.2
100 _a不详
245 _a对联万用汇典
_c
250 _a再版
260 _a
_b综合出版社
_c
300 _b
490 _a实用丛书. 2
650 _a函牍及杂著--楹联; 寿文; 挽词
942 _cBK
_o856.6 ZHCB v.2
999 _c39652
_d39642